| 000 | 01321nam a2200385 a 4500 | ||
|---|---|---|---|
| 001 | 119243 | ||
| 003 | FlNmELB | ||
| 005 | 20241217175031.0 | ||
| 006 | m o d | | ||
| 007 | cr cn||||||||| | ||
| 008 | 201002r2010 xxu|||||s|||||||||||spa d | ||
| 020 | _z9781449222437 | ||
| 035 | _a(MiAaPQ)EBC3186897 | ||
| 035 | _a(Au-PeEL)EBL3186897 | ||
| 035 | _a(CaPaEBR)ebr10360833 | ||
| 035 | _a(OCoLC)928934044 | ||
| 040 |
_aFlNmELB _bspa _cFlNmELB |
||
| 050 | 4 |
_aD309 _bD586 2010 |
|
| 080 | _a940"17" | ||
| 082 | 0 | 4 |
_a940.27 _222 |
| 100 | 1 | _aDino, Marco. | |
| 245 | 1 | 4 |
_aLas ideas políticas _h[recurso electronico] : _bilustración y revolución / _cMarco Dino. |
| 260 |
_a[Miami, FL] : _b[Firmas Press], _c[2010?] |
||
| 300 | _a160 p. | ||
| 440 | 0 | _aBiblioteca de aula | |
| 500 | _aProyecto considerado de interés cultural y educativo por la UNESCO. | ||
| 533 | _aRecurso electrónico. Santa Fe, Arg.: e-libro, 2015. Disponible vía World Wide Web. El acceso puede estar limitado para las bibliotecas afiliadas a e-libro. | ||
| 650 | 4 |
_aHistoria _zEuropa. |
|
| 650 | 4 | _aEnlightenment. | |
| 651 | 4 |
_aEurope _xPolitics and government. |
|
| 653 | _aIlustración | ||
| 655 | 4 | _aLibros electrónicos. | |
| 710 | 2 | _ae-libro, Corp. | |
| 856 | 4 | 0 | _uhttps://elibro.net/ereader/politecnicointernacional/36414 |
| 999 |
_c119243 _d119243 |
||